| 000 | 00637nam a2200217 i 4500 | ||
|---|---|---|---|
| 001 | 59995 | ||
| 003 | ES-MaACL | ||
| 005 | 20230906164133.0 | ||
| 007 | t| | ||
| 008 | 031031s1981 sp ||||1| spa d | ||
| 100 | 1 |
_aErikson, Erik H. _947394 |
|
| 245 | 1 | 0 |
_aIdentidad _b: juventud y crisis / _cErik H. Erikson ; versión de Alfredo Guéra. |
| 260 |
_a[Madrid] : _bTaurus, _c[1981] |
||
| 300 |
_a284 p. ; _c21 cm. |
||
| 490 | 1 | _aEnsayistas | |
| 700 | 1 |
_aGuera Miralles, Alfredo. _960449 |
|
| 830 | 0 |
_aEnsayistas _9177257 |
|
| 852 |
_aES-MaACL _jL-1226 _bR.101674 |
||
| 852 |
_aES-MaACL _jL-796 _bR.101590 |
||
| 999 |
_c59995 _d59995 |
||